00786naa#a2200169#i#4500001001500000005001700015100004100032102000700073200013200080210013700212215001100349608003700360675015800397700002100555700002200576856001800598EN\\bibl\1900520260501223521.5##a20251227b2025####ek#y0engy0150####ca##aRU1#aTHE AMERICAN DREAM IN THE NOVEL AMERICAN DREAM, AMERICAN NIGHTMARE: FICTION SINCE 1960, KATHRYN HUMEeConference article/thesis1#aVoronezhcFSBE Institution of Higher Education Voronezh State University of Forestry and Technologies named after G.F. Morozovd2025##a10 с.##aConference article/thesis2local##aХудожественная литература. Литературоведение. 82aЛингвистика. Языкознание. Языки. 81#1aBarbolinagK. V.#1aRabeeahgS. K. B.4#abibl.vgltu.ru